IPv6 for enterprise networks (Record no. 11616)

000 -LEADER
fixed length control field 01047cam a2200301 a 4500
001 - CONTROL NUMBER
control field 16741616
005 - DATE AND TIME OF LATEST TRANSACTION
control field 20170105102344.0
008 - FIXED-LENGTH DATA ELEMENTS--GENERAL INFORMATION
fixed length control field 110419s2011 inua b 001 0 eng
010 ## - LIBRARY OF CONGRESS CONTROL NUMBER
LC control number 2011010818
020 ## - INTERNATIONAL STANDARD BOOK NUMBER
International Standard Book Number 9781587142277 (hardcover)
020 ## - INTERNATIONAL STANDARD BOOK NUMBER
International Standard Book Number 1587142279 (hardcover)
035 ## - SYSTEM CONTROL NUMBER
System control number (OCoLC)ocn663953437
040 ## - CATALOGING SOURCE
Original cataloging agency DLC
Transcribing agency DLC
Modifying agency YDX
-- BTCTA
-- YDXCP
-- BWX
-- CDX
-- DLC
042 ## - AUTHENTICATION CODE
Authentication code pcc
082 00 - DEWEY DECIMAL CLASSIFICATION NUMBER
Classification number 004.62
Edition number 22
245 00 - TITLE STATEMENT
Title IPv6 for enterprise networks
Statement of responsibility, etc. Shannon McFarland
260 ## - PUBLICATION, DISTRIBUTION, ETC.
Place of publication, distribution, etc. Indianapolis :
Name of publisher, distributor, etc. Cisco Press,
Date of publication, distribution, etc. c2011.
300 ## - PHYSICAL DESCRIPTION
Extent xxi, 372 p. :
Other physical details ill. ;
Dimensions 24 cm.
490 0# - SERIES STATEMENT
Series statement Networking technology series
504 ## - BIBLIOGRAPHY, ETC. NOTE
Bibliography, etc. note Includes bibliographical references and index.
650 #0 - SUBJECT ADDED ENTRY--TOPICAL TERM
Topical term or geographic name entry element TCP/IP (Computer network protocol)
650 #0 - SUBJECT ADDED ENTRY--TOPICAL TERM
Topical term or geographic name entry element Computer networks
General subdivision Management.
700 1# - ADDED ENTRY--PERSONAL NAME
Personal name McFarland, Shannon.
830 #0 - SERIES ADDED ENTRY--UNIFORM TITLE
Uniform title Cisco Press networking technology series.
906 ## - LOCAL DATA ELEMENT F, LDF (RLIN)
a 7
b cbc
c orignew
d 1
e ecip
f 20
g y-gencatlg
942 ## - ADDED ENTRY ELEMENTS (KOHA)
Source of classification or shelving scheme
Koha item type Book
Holdings
Withdrawn status Lost status Damaged status Not for loan Collection code Permanent Location Current Location Shelving location Date acquired Source of acquisition Cost, normal purchase price Total Checkouts Full call number Barcode Date last seen Price effective from Koha item type
          Central Library (CL) Central Library (CL) First Floor - Data Communication/Network/Architecture 02/27/2013 Progressive International Agencies 4900.82   004.62 MCF SEECS012038 03/07/2013 03/07/2013 Book
© 2023 Central Library, National University of Sciences and Technology. All Rights Reserved.